| 000 | 00402nam a22001697a 4500 | ||
|---|---|---|---|
| 003 | OSt | ||
| 005 | 20240405142407.0 | ||
| 008 | 180206b xxu||||| |||| 00| 0 eng d | ||
| 020 | _a978-9387430099 | ||
| 040 | _cSEROSOFT | ||
| 100 | _aSINGH AS | ||
| 245 | _aPOWER PLANT ENGINEERING | ||
| 260 |
_aMEERUT _bARTI PUB _c2018 |
||
| 300 | _b2ND | ||
| 856 | _3PAPER BACK | ||
| 942 |
_2ddc _c02 _e2ND _k621.31 _mSIN |
||
| 999 |
_c40992 _d40992 |
||